Los fines, las materias y los métodos de la educación: la educación y la democracia

Saved in:
Bibliografiske detaljer
Hovedforfatter: Dewey, John (Author)
Format: Bog
Sprog:spansk
Udgivet: Madrid Eds. de la lectura 1927
Serier:Ciencia y Eduación, 4
Fag:
Tags: Tilføj Tag
Ingen Tags, Vær først til at tagge denne postø!

MARC

LEADER 00000nam a2200000 a 4500
001 UCW7852
003 CL-VaPUC
008 930922e19270000SP |||||||||||||||||spa|d
082 0 4 |a 370.1  |b DEW  |2 21 
100 0 |a Dewey, John  |e author  |9 313065 
245 1 4 |a Los fines, las materias y los métodos de la educación: la educación y la democracia 
300 |a 279 p 
942 |c BK 
945 |d 19930922 00:00:00 
260 |a Madrid  |b Eds. de la lectura  |c 1927 
650 0 |a Filosofía de la educación   |9 258384 
583 |a last modification  |c 19930922 00:00:00  |k Rodrigo Vera 
490 0 |a Ciencia y Eduación, 4 
999 |c 220494  |d 220492 
952 |0 0  |1 0  |4 0  |6 370_100000000000000_DEW_1927  |7 0  |8 P  |9 212803  |a BIBEDU  |b BIBEDU  |c BIBEDU_PB  |d 2019-11-15  |i 2809788  |o 370.1 DEW 1927  |p 2809788  |r 2024-01-25  |w 2019-11-15  |y BK  |k EDU 
952 |0 0  |1 0  |4 0  |6 370_100000000000000_DEW_1927  |7 0  |8 P  |9 212804  |a BIBEDU  |b BIBEDU  |c BIBEDU_PB  |d 2019-11-15  |i 1548964  |o 370.1 DEW 1927  |p 1548964  |r 2024-01-25  |w 2019-11-15  |y BK  |k EDU